| 000 | 00498cam a2200157u 4500 | ||
|---|---|---|---|
| 082 |
_a603 _bCHA _cL-31, P-19 |
||
| 245 | 0 | 0 | _aChambers's technical dictionary, comprising terms used in pure and applied science, |
| 250 | _aRev. ed. | ||
| 260 |
_aNew York, _bMacmillan, Co., _c1948. |
||
| 300 |
_avi, 976 p. _c21 cm. |
||
| 526 |
_a0 _b0 _c0 _d603_000000000000000_CHA |
||
| 650 | 0 |
_aMCE _9379 |
|
| 650 | 0 | _aTechnology | |
| 700 | 1 |
_aTweney, Charles Frederick, [from old catalog] _947145 |
|
| 942 |
_2ddc _cBK |
||
| 999 |
_c550433 _d550433 |
||